Quizzes
Events
Quiz Creation
Community
Videos
Private Events
Remove Ads
Sign In
Join for FREE
Feedback
Dark Mode
Quiz Categories
Sports
Geography
Music
Movies
Television
Just For Fun
Miscellaneous
History
Literature
Language
Science
Gaming
Entertainment
Religion
Holiday
For Kids
Quiz Lab
Recent
Popular Today
Quiz Kudos Today
Editor Picks
Curator Picks
Quizzes by...
Day
Popularity
Type
Ratings
Length
Year
Community
Subscriptions
Recent Discussions
Orange Saloon
Badges
Playlists
Quests
Create
Leaderboards
Showdown
Live 5
Trivia Bingo
Activity
Puzzle Library
Sporcle Events
Private Events
Virtual Trivia
Globe League
Become a Host
Pub Owners
SporcleCon
Opinionation
Our Games
Videos
Blog
Mobile Apps
Partnerships
Remove Ads and Go Orange
Feedback
Sports
Athletes
MLB
NBA
NHL
NFL
Soccer
Sports Teams
WWE
NCAA
Football
Premier League
Basketball
Baseball
Hockey
Golf
Tennis
Cricket
Rugby
Auto Racing
Olympics
World Cup
Sports
Athletes
MLB
NBA
NHL
NFL
Soccer
Sports Teams
WWE
NCAA
Football
Premier League
Basketball
Baseball
Hockey
Golf
Tennis
Cricket
Rugby
Auto Racing
Olympics
World Cup
Random Quiz
Search Sporcle
×
Quiz Lab
Quiz Lab
Sports
Football
Type in answers that appear in a list
Type in answers that appear in a list
Classic
Best Score? Go Orange.
2023 NFL Interior Defensive Line Stats
Can you name the 2023 NFL interior defensive linemen?
By
swartzsportstwin
15m
83 Questions
2,843 Plays
2,843 Plays
2,843 Plays
Comments
Comments
Give Quiz Kudos
Give Quiz Kudos
-
- Ratings
hide this ad
Replay
Link that replays current quiz
Next Quiz
Link to next quiz in quiz playlist
You Got
0%
They Got
Avg Score
50%
Avg Friend Score
Upgrade to see
Score Distribution
Jump to the score distribution portion of the page
Score
0/83
Timer
15:00
1
Play Today
Team
Player
% Correct
Los Angeles Rams
Jonah Williams
80%
New York Jets
Solomon Thomas
76.9%
Chicago Bears
Justin Jones
73.5%
Washington Commanders
Jonathan Allen
70.6%
Buffalo Bills
Jordan Phillips
69.2%
New York Giants
A'Shawn Robinson
68.2%
Baltimore Ravens
Broderick Washington, Jr.
64%
Cincinnati Bengals
B.J. Hill
63.7%
Philadelphia Eagles
Jalen Carter
63.2%
Pittsburgh Steelers
Larry Ogunjobi
61.5%
Kansas City Chiefs
Chris Jones
60.7%
Philadelphia Eagles
Jordan Davis
59.4%
New England Patriots
Lawrence Guy, Sr.
58.7%
Tampa Bay Buccaneers
Vita Vea (OUT), Greg Gaines
58.6%
Baltimore Ravens
Michael Pierce
56.5%
Detroit Lions
Benito Jones
54.7%
Miami Dolphins
Zach Sieler
54.5%
Green Bay Packers
T.J. Slaton
54.4%
Jacksonville Jaguars
Folorunso Fatukasi
54.1%
Denver Broncos
D.J. Jones
54%
Arizona Cardinals
Jonathan Ledbetter
53.2%
Houston Texans
Maliek Collins
53.2%
San Francisco 49ers
Arik Armstead
52.4%
Denver Broncos
Zach Allen
51.3%
Tennessee Titans
Teair Tart
51%
New York Giants
Rakeem Nunez-Roches
50.9%
Buffalo Bills
Ed Oliver
50.8%
Carolina Panthers
Derrick Brown
49.8%
Team
Player
% Correct
Tennessee Titans
Jeffery Simmons
49%
Philadelphia Eagles
Fletcher Cox
49%
Los Angeles Chargers
Sebastian Joseph-Day
48.7%
Seattle Seahawks
Leonard Williams
47.6%
Los Angeles Chargers
Austin Johnson
47.3%
Minnesota Vikings
Harrison Phillips
46.8%
Miami Dolphins
Raekwon Davis
46.2%
Los Angeles Rams
Kobie Turner
45.6%
Los Angeles Rams
Aaron Donald
45.6%
Tennessee Titans
Denico Autry
45.4%
Jacksonville Jaguars
Roy Robertson-Harris
44.4%
Jacksonville Jaguars
Adam Gotsis
44.4%
Indianapolis Colts
DeForest Buckner
44.3%
Pittsburgh Steelers
Cameron Heyward
43.9%
Minnesota Vikings
Jonathan Bullard
43.9%
Atlanta Falcons
Kentavius Street (OUT), Ta'Quon Graham
43.7%
Minnesota Vikings
Dean Lowry (OUT), Khyiris Tonga
43.2%
New York Giants
Dexter Lawrence II (OUT), D.J. Davidson
43.1%
Denver Broncos
Mike Purcell
41.6%
San Francisco 49ers
Javon Hargrave
41.2%
Tampa Bay Buccaneers
Logan Hall
40.6%
Green Bay Packers
Devonte Wyatt
40.5%
Baltimore Ravens
Justin Madubuike
40.2%
Cincinnati Bengals
D.J. Reader
39.7%
New England Patriots
Davon Godchaux
39.5%
Miami Dolphins
Christian Wilkins
39.3%
Washington Commanders
Da'Ron Payne
39.1%
Carolina Panthers
Shy Tuttle
38.8%
Team
Player
% Correct
New England Patriots
Christian Barmore
38.6%
Los Angeles Chargers
Nick Williams (OUT), Scott Matlock
37.4%
Detroit Lions
Isaiah Buggs
37.3%
Arizona Cardinals
Roy Lopez
36.8%
New Orleans Saints
Nathan Shepherd
36.6%
New York Jets
Quinnen Williams
36%
Atlanta Falcons
Calais Campbell
35.9%
Cleveland Browns
Dalvin Tomlinson
35.5%
Dallas Cowboys
Johnathan Hankins (OUT), Chauncey Golston
35%
Houston Texans
Sheldon Rankins
34.8%
Indianapolis Colts
Grover Stewart
34.5%
Arizona Cardinals
Kevin Strong
33.6%
Seattle Seahawks
Jarran Reed
33.3%
Kansas City Chiefs
Derrick Nnadi
33.2%
Atlanta Falcons
David Onyemata (OUT), Albert Huggins
33.2%
Seattle Seahawks
Mario Edwards, Jr.
33.1%
Las Vegas Raiders
John Jenkins
32.9%
Tampa Bay Buccaneers
Calijah Kancey
32.7%
Pittsburgh Steelers
Montravius Adams (OUT), Keeanu Benton
30.3%
Chicago Bears
Gervon Dexter, Sr.
29.1%
New Orleans Saints
Khalen Saunders
29%
Green Bay Packers
Kenny Clark
28.6%
Carolina Panthers
DeShawn Williams
27.9%
Chicago Bears
Andrew Billings
25.7%
Dallas Cowboys
Osa Odighizuwa
25.7%
Las Vegas Raiders
Bilal Nichols
25.2%
Cleveland Browns
Jordan Elliott
14.9%
Quiz Playlist
Details
Report
Send in Message
Add To Playlist
Classic:
Type in answers that appear in a list
Quiz Source
Last Updated: Dec 14, 2023
Quiz Scoreboard
CHALLENGE
Sign Up to Join the Scoreboard
Show All
Scores
Hide
Comments
May contain spoilers
Recently Published
College Basketball Coaching Resumes
by pancakes188
Sports
9m
Billboard Blitz: Fleetwood Mac
by CooCooCachoo
Music
15s
Presidents Visiting Landmarks
by Hejman
History
7m
More to Explore
Quiz From the Vault
Featured Blog Post
Where Did the Easter Bunny Come From?
hide this ad
You Might Also Like...
Tags
Football Quiz
NFL Quiz
Nintendo Quiz
2010
Defensive
Player
team
Today's Top Quizzes in Sports
Browse Sports
hide this ad
Today's Top Quizzes in Football
Browse Football
Top Contributed Quizzes in Sports
1
2022 World Cup Stars
2
Les meilleurs buteurs des matchs entre le PSG et l’OM
3
FIFA Club World Cup Champions
4
Les entraîneurs de l'OM et du PSG au 21e siècle
5
Criteria MLB: Left Handed Sluggers
6
AFC Teams Reveal (Wrong Answers Minefield)
7
5-to-1: UK Sports Teams
8
5-to-1: FBS Animal Nicknames
9
2023 MLB Unique Player Accomplishments
10
Name the Premier League winners with different clubs
Explore More
Trending Topics
NBA
Kpop
Marvel
Disney
Harry Potter
Crossword
Anime
Country
NFL
WWE
Soccer
Puzzle
Pokémon
Song
The Office
hide this ad
More By:
swartzsportstwin
Quiz
Plays
Rating
Category
Featured
Created
2023 NFL Wide Receivers
19,197
2.87
Sports
Oct 23, 2010
2023 NFL Quarterbacks
13,220
3.10
Sports
Oct 23, 2010
2023 NFL Running Backs/Fullbacks
10,673
2.61
Sports
Oct 22, 2010
5 Consecutive Seasons of 7.0 WAR
10,229
4.69
Sports
Aug 9, 2015
2023 NFL Tight Ends
4,419
2.64
Sports
Oct 24, 2010
Go to Creator's Profile
Score Distribution
Quiz Creator Spotlight
swartzsportstwin
Follow
Send a Message
Quizzes Created
-
Created Quiz Play Count
-
More By This Creator
Popular Quizzes Today
1
Find the US States - No Outlines Minefield
2
Find the Countries of Europe - No Outlines Minefield
3
The Countries of the World
4
Find the US States
5
Risky Map Clicking: Biggest States A-Z
6
US States
7
Popular People in 1961
8
Movies - When Are They Set?
More Sports Quizzes
Missing Word: 'K' Pro Football Hall of Famers
Quiz Lab
Trending Quizzes
Risky Map Clicking: Least Populous States A-Z
1-10 Letter G Words
1-10 Letter F Words
Risky Map Clicking: Next State Alphabetically
Risky Map Clicking: Biggest States A-Z
Recently Updated
Leaping Animals
pecheneg
Reality TV Shows (A-Z)
bhenderson79
Rickey Henderson's Hall of Fame Teammates
pecheneg
Champions League XIs: Arsenal
pecheneg
Quick Pick: Celebrities in WWE's Hall of Fame
aduchscher
A-Z Keypad Blitz II
pecheneg
Multiple Oscar Actors
pecheneg
Mystery Phrase Blitz: Oscar 'Best Actors'
pecheneg
F. Scott Fitzgerald Novels
LTH
Pick 3 Villains
ddd62291
Trending Topics
Harry Potter
Marvel
Crossword
NBA
Anime
Disney
Kpop
Song
Puzzle
Country
The Office
NFL
Soccer
WWE
Pokémon
Your Account Isn't Verified!
In order to create a playlist on Sporcle, you need to verify the email address you used during registration. Go to your
Sporcle Settings
to finish the process.
Report this User
Report this user for behavior that violates our
Community Guidelines
.
Details:
Send Report
Go to the Sporcle.com Mobile Site →
Comments